Statistiche per Passaporti per immagine

Clicka qui per fare il quiz!

Statistiche generali

  • Questo quiz è stato fatto 56 volte
  • Il punteggio medio è 8 su 15

Statistiche sulle risposte

Risposta% Corretto
Italia
91%
Kosovo
77%
Israele
75%
Iran
70%
Cina
58%
Francia
57%
Corea del Sud
53%
Mongolia
53%
Polonia
53%
Stati Uniti
53%
India
47%
Regno Unito
47%
Etiopia
42%
Nuova Zelanda
26%
Armenia
13%

Distribuzione punteggi

Percentile per numero di risposta

Percentuale di utenti per punteggio

I tuoi punteggi nel tempo

Non hai fatto questo quiz